| 000 | 00422nam a2200157Ia 4500 | ||
|---|---|---|---|
| 008 | 230917s9999||||xx |||||||||||||| ||und|| | ||
| 020 | _cRS18 | ||
| 040 |
_e49276 _aMAIN |
||
| 041 | _aEnglish | ||
| 082 | _a954.01 D262F | ||
| 100 | _aDattarray, Rajatbaran | ||
| 245 | 0 | _aForgotten funtionary of ancient India that was Ksattr | |
| 260 |
_aCalcutta _bSanskrit Pustak Bhandar _c1974 |
||
| 300 | _aiii, 52 p. | ||
| 942 | _cBK | ||
| 999 |
_c186517 _d186517 |
||